| 000 | 00473nam a22001577a 4500 | ||
|---|---|---|---|
| 005 | 20231113055521.0 | ||
| 008 | 231113b |||||||| |||| 00| 0 eng d | ||
| 041 | _aEnglish / Afrkaans | ||
| 082 | _a346.1 CHI | ||
| 100 |
_aSnyman, S et al. _lEnglish / Afrikaans |
||
| 245 |
_aThe Child on the Divorce practice / _cS Snyman et al. |
||
| 260 | _c2009 | ||
| 300 |
_b657 pages ; _c30,5 cm. |
||
| 650 |
_aLegal practice _bLaw |
||
| 942 |
_cBK _6ALISON_BN_VRIES |
||
| 999 |
_c530 _d530 |
||